000 00457nam a2200157 4500
001 118965
003 ES-MaACL
007 t|
008 070214s1970 ag r ||||1| spa d
100 1 _aPeyrefitte, Roger.
_991599
245 1 4 _aLas embajadas /
_cRoger Peyrefitte ; traducción de Jorge Borda.
260 _aBuenos Aires :
_bSudamericana,
_c1970.
300 _a301 p. ;
_c18 cm.
700 1 _aBorda, Jorge.
_930374
852 _aES-MaACL
_jE-7181
_bR.91367
999 _c118965
_d118965